Tarifní vyjednávaní v období přechodu k tržní ekonomice.

Zámerom článku je ukázať, že predikcia správania sa záujmových skupín (zamestnávatelia, odbory, centrum) v reformujúcej sa ekonomike nie je len formálne modelovaným problémom. Záujmové skupiny sú aj nositeľmi mocenského potenciálu, ktorý používajú za účelom dosiahnutia svojho cieľa. Analýza vyjednáv...

Descrizione completa

Salvato in:
Dettagli Bibliografici
Autore principale: Flek, Vladislav
Natura: Capitolo di libro
Lingua:ceco
Soggetti:
Tags: Aggiungi Tag
Nessun Tag, puoi essere il primo ad aggiungerne!!

MARC

LEADER 00000naa a2200000 4500
001 r006385
005 20221125080950.3
041 0 |a cze 
044 |a [CS] 
245 1 0 |a Tarifní vyjednávaní v období přechodu k tržní ekonomice.  |c Vladislav Flek 
520 |a Zámerom článku je ukázať, že predikcia správania sa záujmových skupín (zamestnávatelia, odbory, centrum) v reformujúcej sa ekonomike nie je len formálne modelovaným problémom. Záujmové skupiny sú aj nositeľmi mocenského potenciálu, ktorý používajú za účelom dosiahnutia svojho cieľa. Analýza vyjednávania je komunikačným procesom v sústave reálnych inštitúcií. Definovanie princípov, ktorými by sa malo riadiť adekvátne usporiadanie inštitúcií pre vyjednávanie záujmových skupín. Súčasná situácia v ČSFR. 
610 2 0 |a záujmy ekonomické 
610 2 0 |a odbory 
610 2 0 |a spolurozhodovanie 
610 2 0 |a zmluvy kolektívne 
610 2 0 |a spoločnosti akciové 
610 2 0 |a ČSFR 
610 2 0 |a hospodárstvo trhové 
100 1 |a Flek, Vladislav